000 00560nam a22001817a 4500
999 _c189385
_d189385
005 20220627150024.0
010 _aENG-133394
020 _a9789383076109
_c391.48
035 _aEN-116926
037 _bDBAD/PUB
082 _a915.983
245 _aThe Equator Line/
_cEdited by Bhaskar Roy
260 _aNew Delhi
_bYogesh Malik
270 _a16 Community Center, 3rd Floor Panchsheel
_bNew Delhi
_minfo@equator.net.in
_k01140503956
_e110017
300 _a103p.
_c21cm(pbk)
700 _aE.Arumuga Gandhi
942 _2ddc
_cEN
_h915.983
_mEQU